Evaluationc of materials defect influence on fatigue crack threshold

Bibliographic Details
Main Authors: Leonavičius, M. (Author), Bobyliov, K. (Author), Krenevičius, A. (Author), Stupak, S. (Author), Stupak, E. (Author)
Format: Article
Language:Slovak
English
PhysicalDescription:Obr., tab.
ISSN:0023-432X
Subjects:

MARC

LEADER 00000nab a2200000 a 4500
001 vtls010256529
003 SK-MaSNL
005 20260304162807.0
008 25050719c2007 xo o |||||||||||||||slol
015 |a SNBRB2008/05 
035 |a SVKKK000089380 
035 |a urn:nbn:sk:snk-ab1c0c 
035 |a (urnnbn)urn:nbn:sk:snk:ar-001usr 
035 |a (uuid)ef4c70aa-df34-4b44-a7ab-ec6b07ef5f83 
038 |a SVKKK 
040 |a SNKBUCL  |b slo  |c SNKBUCL  |e AACR2 
041 0 |a eng  |b eng 
044 |a xo  |c SK 
080 |a 669.13  |2 1997 
080 |a 539.422.24  |2 1997 
245 0 0 |a Evaluationc of materials defect influence on fatigue crack threshold  |c M. Leonavičius ... [et al.] 
300 |b Obr., tab. 
504 |a Bibliogr. odkazy 
504 |a Res. angl. 
650 0 7 |a liatiny  |2 SNKPH  |9 84702 
650 0 7 |a materiálové chyby  |2 SNK  |9 1488898 
650 0 7 |a prahové napätie  |2 SNK  |9 1488899 
650 0 7 |a únavové trhliny  |2 SNK  |9 1233615 
700 1 |a Leonavičius, M.  |4 aut  |9 1488900 
700 1 |a Bobyliov, K.  |4 aut  |9 1488901 
700 1 |a Krenevičius, A.  |4 aut  |9 1488902 
700 1 |a Stupak, S.  |4 aut  |9 1488903 
700 1 |a Stupak, E.  |4 aut  |9 1488904 
773 0 |t Kovové materiály  |g Roč. 45, č. 5 (2007), s. 255-261  |x 0023-432X 
850 |a Slovenská národná knižnica 
852 |a Slovenská národná knižnica 
958 |a article27 
958 |a NB 
958 |a OND 
958 |a EUIPO 
999 |c 2975548  |d 2977478